Medagliere Olimpiadi invernali Lake Placid 1980 - Statistics

Statistiche generali
  • Questo quiz è stato fatto 2 volte
  • Il punteggio medio è 10 su 11
Statistiche sulle risposte
Medaglie d'Oro Medaglie d'Argento Medaglie di Bronzo Medaglie complessive Rappresentativa olimpica % Corretto
3 2 2 7 Austria
100%
1 5 3 9 Finlandia
100%
9 7 7 23 Germania Est
100%
0 2 3 5 Germania Ovest
100%
1 3 6 10 Norvegia
100%
6 4 2 12 Stati Uniti
100%
3 0 1 4 Svezia
100%
1 1 3 5 Svizzera
100%
10 6 6 22 Unione Sovietica
100%
1 2 1 4 Paesi Bassi
50%
2 2 0 4 Liechtenstein
0%
Nessun quiz corrispondente trovato
Distribuzione punteggi
Percentuale di utenti per punteggio
Percentile per numero di risposta
I tuoi punteggi nel tempo
Non hai fatto questo quiz